Thánh địa Mỹ Sơn

Zapisane w:
Opis bibliograficzny
1. autor: Ngô, Văn Danh
Format: Książka
Język:Undetermined
Wydane: Tp. Hồ Chí Minh Trẻ 2004
Hasła przedmiotowe:
Etykiety: Dodaj etykietę
Nie ma etykietki, Dołącz pierwszą etykiete!
Thư viện lưu trữ: Trung tâm Học liệu Trường Đại học Cần Thơ
LEADER 00546nam a2200205Ia 4500
001 CTU_91937
008 210402s9999 xx 000 0 und d
020 |c 25000 
082 |a 915.97 
082 |b D107 
100 |a Ngô, Văn Danh 
245 0 |a Thánh địa Mỹ Sơn 
245 0 |c Ngô Văn Danh 
260 |a Tp. Hồ Chí Minh 
260 |b Trẻ 
260 |c 2004 
650 |a Vietnam,Archaeology,vietnam 
650 |x Description and travel 
904 |i Trúc 
980 |a Trung tâm Học liệu Trường Đại học Cần Thơ